| 000 | 02799pam a2200445 i 4500 | ||
|---|---|---|---|
| 001 | 2024039499 | ||
| 003 | DLC | ||
| 005 | 20250617170452.0 | ||
| 008 | 240830t20252025nyu b 000 1 eng | ||
| 010 | _a 2024039499 | ||
| 020 |
_a9780593655504 _q(hbk.) |
||
| 020 |
_z9780593655511 _q(ebk.) |
||
| 035 | _a(OCoLC)1455633396 | ||
| 040 |
_aDLC _beng _erda _cDLC _dTnLvILS |
||
| 042 | _apcc | ||
| 050 | 0 | 0 |
_aPS3619.T535488 _bL57 2025 |
| 082 | 0 | 0 |
_a813/.6 _223/eng/20250512 |
| 092 |
_afiction _bStiefvater, Maggie |
||
| 100 | 1 |
_aStiefvater, Maggie, _d1981- _eauthor. _95853639 |
|
| 245 | 1 | 4 |
_aThe listeners / _cMaggie Stiefvater. |
| 264 | 1 |
_aNew York, NY : _bViking, an imprint of Penguin Random House LLC, _c[2025] |
|
| 264 | 4 | _c2025 | |
| 300 |
_a382 pages ; _c24 cm |
||
| 336 | _atext | ||
| 337 | _aunmediated | ||
| 338 | _avolume | ||
| 500 | _a"A novel"--Jacket. | ||
| 504 | _aIncludes bibliographical references. | ||
| 520 | _a"January 1942. The Avallon Hotel & Spa is where high society goes to see and be seen. Located deep in the West Virginia mountains, where healing sweetwater flows, the hotel is managed by a local, June Hudson, whose skills were noted by the wealthy Guilfoyles who own the place. War has begun, and June is trying to shield the Avallon from it, but when the owner's son makes a deal with the State Department to house dozens of Axis diplomats, June must convince her staff-many of whom have sons and husbands heading to battle-to offer luxury to Nazis for the war effort. Peacefully. Meanwhile, FBI agent Tucker Minnick is searching for a spy among the detainees. He has his own history with West Virginia and would have done anything to avoid coming back, but this mission is an exile that he can't escape unless he earns it. As tension grows between locals and the detainees, Tucker's spy games disturb the peace, and the eerie sweetwater proves more dangerous than once thought. June's future at the Avallon hangs in the balance - but who is she without the hotel? And what is it without her? Maggie Stiefvater makes her adult fiction debut in this mesmerizing portrait of an unlikely heroine, a hotel-and a world-in peril, and the love that can bloom even in such unlikely circumstances"-- | ||
| 650 | 0 |
_aHotels _vFiction. _95708294 |
|
| 650 | 0 |
_aHotel management _vFiction. _95708293 |
|
| 650 | 0 |
_aWorld War, 1939-1945 _vFiction. _95674351 |
|
| 650 | 0 |
_aRich people _vFiction. _95678551 |
|
| 650 | 0 |
_aDiplomats _vFiction. _96404961 |
|
| 650 | 0 |
_aSpy stories. _992075 |
|
| 655 | 7 |
_aHistorical fiction. _2lcgft |
|
| 655 | 7 |
_aSpy fiction. _2lcgft _95700151 |
|
| 776 | 0 | 8 |
_iOnline version: _aStiefvater, Maggie, 1981- _tListeners _dNew York : Viking, 2025 _z9780593655511 _w(DLC) 2024039500 |
| 942 |
_2ddc _cBOOK |
||
| 999 |
_c407971 _d407971 |
||